History and hate : the dimensions of anti-Semitism /

Bibliographic Details
Other Authors: Berger, David, 1943-
Format: Book
Language:English
Published: Philadelphia : Jewis Publichation Society, 1986.
Edition:1st ed.
Subjects:

MARC

Tag First Indicator Second Indicator Subfields
LEADER 00000cam a2200000 a 4500
001 in00000011846
005 20151007051716.0
008 860304s1986 pau b 00100 eng
010 |a  86002995  
020 |a 0827602677 
035 |a (OCoLC)13327957 
035 |9 AAA4392AM 
040 |a DLC  |c DLC  |d m/c  |d TXA  |d UtOrBLW 
049 |a TXAM  |c [A11034491] 
050 0 0 |a DS145  |b .H56 1986 
082 0 |a 305.8/924  |2 19 
245 0 0 |a History and hate :  |b the dimensions of anti-Semitism /  |c edited by David Berger. 
250 |a 1st ed. 
264 1 |a Philadelphia :  |b Jewis Publichation Society,  |c 1986. 
300 |a ix, 138 pages ;  |c 24 cm. 
336 |a text  |b txt  |2 rdacontent 
337 |a unmediated  |b n  |2 rdamedia 
338 |a volume  |b nc  |2 rdacarrier 
500 |a "This book emerged from a conference sponsored by the Anti-Defamation League of B'nai B'rith and by the Joseph and Ceil Mazer Institute for Research and Advanced Studies in Judaica of the Center for Jewish Studies, City University of New York"--P. ix. 
504 |a Includes bibliographies and index. 
650 0 |a Antisemitism  |x History. 
700 1 |a Berger, David,  |d 1943- 
999 |a MARS 
999 f f |s 68e1f398-1256-3f6d-b594-4ad0e1d0d1ad  |i b6edbb99-8555-362b-90be-487b78ca61af  |t 0 
952 f f |p normal  |a Texas A&M University  |b College Station  |c Sterling C. Evans Library  |d Evans: Library Stacks  |t 0  |e DS145 .H56 1986  |h Library of Congress classification  |i unmediated -- volume  |m A14811034491 
998 f f |a DS145 .H56 1986  |t 0  |l Evans: Library Stacks